00371nam a22001097a 4500008004100000040005500041080001900096245009600115250001300211260002600224300001100250240821b |||||||| |||| 00| 0 eng d aNational Science LibrarycNational Science Library a341.16:61 bK5 aHandbook of resolutions and decisions of the world health assembly and the execution board  a8th ed.  aGeneva: bWHO, c1965 a466p.